000 00612nam a2200217Ia 4500
003 OSt
005 20220923221713.0
006 a|||||r|||| 00| 0
007 ta
008 220922b |||||||| |||| 00| 0 hin d
024 _a199,490
037 _cTextual
040 _aARTS
_cARTS
_bhin
041 _2hin
_ahin
082 _aQ1:9, 152H9
100 _aअरविन्द
_9156280
245 0 _aवेद रहस्य द्धितीय खण्ड
246 _aVed rahasya ddhitīya khaṇḍa
942 _hQ1:9, 152H9
_cTEXL
_2CC
999 _c351230
_d351230